| 000 | 00440cam a2200157ua 4500 | ||
|---|---|---|---|
| 041 |
_aeng _h |
||
| 082 |
_a828.09 _bBUL/JO |
||
| 100 | _aBullitt, John M . | ||
| 245 |
_aJonathan Swift and the anatomy of satire: A study of satiric technique / _cJohn M Bullitt. _hTextual Documents |
||
| 250 |
_a1 / _b. |
||
| 260 |
_aLondon : _bHarward University Press , _c1966. |
||
| 300 | _a214 ; . | ||
| 504 | _a | ||
| 942 | _cBK | ||
| 999 |
_c3504 _d3504 |
||